Statistiques concernant Pays occupés par l'Allemagne nazie

Cliquez ici pour prendre le quiz!

Statistiques générales

  • Ce quiz a été pris 449 fois
  • Le résultat moyen est 21 sur 31

Statistiques - réponses

Années d'occupationPays% Correct
1940-1944France
100%
1939-1945Pologne
97%
1940-1944Belgique
92%
1938-1945Autriche
91%
1943-1944Italie
88%
1941-1943Russie
85%
1940-1945Danemark
84%
1940-1945Norvège
83%
1940-1944Pays-Bas
83%
1939-1945République tchèque
81%
1940-1944Luxembourg
80%
1941-1943Ukraine
79%
1941-1945Grèce
76%
1941-1945Serbie
76%
1941-1945Croatie
72%
1941-1944Estonie
72%
1940-1944Roumanie
72%
1941-1945Slovénie
72%
1941-1944Lituanie
71%
1941-1943Biélorussie
70%
1941-1944Lettonie
70%
1941-1945Bosnie-Herzégovine
66%
1941-1945Macédoine
59%
1941-1945Kosovo
56%
1941-1944Moldavie
56%
1941-1942Egypte
48%
1942-1944Monaco
45%
1941-1942Libye
42%
1941-1942Tunisie
42%
1940-1941Liban
20%
1940-1941Syrie
20%

Distribution des résultats

Percentile par nombre de réponses

% des personnes avec chaque résultat

Votre développement - résultats

Vous n’avez pas pris ce quiz